Trendy vstupujú do života imm cologne 2006 minulosťou

Bibliographic Details
Main Author: Patráš, Igor (Author)
Format: Article
Language:Slovak
PhysicalDescription:Fotogr.
ISSN:1335-7018
Subjects:

MARC

LEADER 00000nab a2200000 a 4500
001 vtls008836950
003 SK-MaSNL
005 20260304144329.0
008 250505c2006 xo |||||||||||000 b|slo
015 |a SNBRB2006/08  |2 snkbucl 
035 |a (uuid)bd720267-89c5-4e7d-86da-f8a73274d385 
035 |a urn:nbn:sk:snk-ab9f64 
035 |a (urnnbn)urn:nbn:sk:snk:ar-a08c7a 
038 |a SNKBUCL 
040 |a SNKBUCL  |b slo  |c SNKBUCL  |e AACR2 
041 0 |a slo 
044 |a xo  |c SK 
080 |a 684.4:061.43  |x (100)  |2 1997 
080 |a 7.05:684.4:061.43  |x (100)  |2 1997 
100 1 |a Patráš, Igor  |4 aut  |9 268147 
245 1 0 |a Trendy vstupujú do života  |b imm cologne 2006 minulosťou  |c Igor Patráš 
300 |b Fotogr. 
611 2 7 |a imm cologne  |d (2006 :  |c Kolín nad Rýnom, Nemecko)  |2 snkbucl  |9 1455972 
650 0 7 |a nábytok  |2 snkbucl  |9 3744 
773 0 |t Stolársky magazín  |g Roč. 7, č. 4 (2006), s. 42-43  |x 1335-7018 
850 |a Slovenská národná knižnica 
852 |a Slovenská národná knižnica 
954 |a odborná, vedecká literatúra pôvodná (slovenská)  |2 lita 
958 |a article13 
958 |a OND 
958 |a DE 
958 |a EUIPO 
999 |c 2930713  |d 2932643